000 00344pab a2200145 454500
008 180718b1986 xxu||||| |||| 00| 0 eng d
100 _aGore, M.S.
245 _aFinancing higher education
260 _c1986
300 _a3-6
362 _a1 June
650 _aColleges and Universities - Finance
773 _aUniversity news
909 _a6004
999 _c6004
_d6004